| 000 | 01139nac a22003617a 4500 | ||
|---|---|---|---|
| 001 | BR2012009199 | ||
| 003 | BR-BrBNA | ||
| 005 | 20240105123947.0 | ||
| 008 | 230509b bl.|||m| |||| 00| 0 por d | ||
| 040 |
_aBR-BrBNA _bpor _cBiblioteca Nacional de Agricultura |
||
| 072 | _aQ02 | ||
| 090 | _a0710 BR2012009199 | ||
| 100 | 1 | _aLazzarotto, J.J. | |
| 100 | 1 | _aZanus, M.C. | |
| 100 | 1 | _aGirardi, C.L. | |
| 100 | 1 | _aTaffarel, J.C. | |
| 100 | 1 | _aMonteiro, R. | |
| 100 | 1 | _aBen, R.L. | |
| 110 | 1 | _aEMBRAPA Uva e Vinho, Bento Gonçalves, RS (Brasil) | |
| 245 | 1 | _aSidra com padrão tecnológico diferenciado: uma avaliação junto ao setor produtivo da maçã brasileira | |
| 260 | 3 |
_aBento Gonçalves, RS (Brasil): _c2012. |
|
| 300 | _a20 p. | ||
| 490 |
_aCircular Técnica - EMBRAPA Uva e Vinho (Brazil) _vno. 91 _xISSN 1516-5914 |
||
| 500 | _a9 tables; 10 illus.; 12 ref. | ||
| 650 | _aMAÇA | ||
| 650 | _aCIDRA | ||
| 650 | _aCADEIA PRODUTIVA | ||
| 650 | _aINDUSTRIALIZAÇÃO | ||
| 650 | _aDESTILARIA | ||
| 650 | _aDADOS ESTATÍSTICOS | ||
| 909 |
_a202312 _bLúcia Elande _c55 _dLúcia Elande |
||
| 942 |
_2AGRIS _n0 _cMS |
||
| 999 |
_c297740 _d297740 |
||